000 01913nam a2200373 c 4500
003 BLK
005 20180420222716.0
008 180408b bul|||||r ||||||| ||bul||
010 _aKNG00061731000
040 _aBLK
041 _aBUL
_cBUL
080 _aРезервати и други защитени територии (в цялост) и тяхната организация - Геологически, географски и ландшафтни резервати вж 502.6 ; Резервати на живата природа вж 502.7; Ловни територии вж 639.1
_b502.4
_x(497.2)(035)
_z502.4(497.2)(035)
080 _aИстория на България
_b94(497.2)
_x(035)
_z94(497.2)(035)
100 1 _aТошков, Марин
_eпърви автор
_9287815
700 1 _aВиходцевски, Николай М.
_eсъавт.
_948426
139 _aТошков, Марин и др.
_bТ 78
245 1 0 _aЗащитени природни обекти
_bНар. паркове, резервати, защитени местности, природни забележителности и истор. места : Справочник
_cМарин Тошков; съавт. Николай М. Виходцевски.
257 _aBGR
260 София
_bЗемиздат
_c1971
300 _a183 с.
_bс ил.
_c20 см
380 _a5
500 _a5 080 тир.
650 4 _aРезервати - България
_9246293
650 4 _aПриродни забележителности - България - справочници
_9246294
651 4 _aБългария
_9241624
653 _aрезервати
653 _aприродни паркове
653 _aзащитени местности
852 _aЦб 60222
856 4 _qpdf
_u
856 4 _qpdf
_u
942 _cKNG
_n0
944 _aCR
_c13.06.2004
_kЧиталня
944 _aED
_c08.09.2017
_kРенета_Константинова
999 _c57723
_d57723